100 Jornalistas Brasileiros - Statistics

Estatísticas Gerais
  • Esse quiz foi jogado 38 vezes
    18 desde o último reset
  • A pontuação média é 27 de 100
Estatísticas das Respostas
Resposta % Correto
William Bonner
100%
Fátima Bernardes
83%
Ana Paula Araújo
75%
Evaristo Costa
67%
Glória Maria
67%
Maju Coutinho
67%
Patrícia Poeta
67%
Renata Vasconcelos
67%
Sandra Annenberg
67%
Adriana Araújo
58%
Renata Lo Prete
58%
César Tralli
50%
Chico Pinheiro
50%
Ricardo Boechat
50%
Ana Luíza Guimarães
42%
Ana Paula Padrão
42%
Boris Casoy
42%
Carlos Nascimento
42%
José Luiz Datena
42%
Luiz Bacci
42%
Márcio Gomes
42%
Pedro Bial
42%
Rachel Sheherazade
42%
Reinaldo Gottino
42%
Roberto Cabrini
42%
Sérgio Chapelin
42%
Tadeu Schmidt
42%
William Waack
42%
César Filho
33%
Cid Moreira
33%
Dony de Nuccio
33%
Eliakim Araújo
33%
Heraldo Pereira
33%
Marcelo Rezende
33%
Poliana Abritta
33%
Roberto Kovalick
33%
Zileide Silva
33%
Alexandre Garcia
25%
Carlos Tramontina
25%
Celso Freitas
25%
Christiane Pelajo
25%
Eduardo Ribeiro
25%
Ernesto Paglia
25%
Geraldo Luís
25%
Ilze Scamparini
25%
Lilian Witte Fibe
25%
Mariana Godoy
25%
Miriam Leitão
25%
Monalisa Perrone
25%
Paulo Henrique Amorim
25%
Renata Ceribelli
25%
Rodrigo Bocardi
25%
Tati Machado
25%
Tiago Leifert
25%
Tino Marcos
25%
Valéria Monteiro
25%
Augusto Xavier
17%
Carla Cecato
17%
Carla Vilhena
17%
Carolina Ferraz
17%
Cleber Machado
17%
Domingos Meirelles
17%
Fernando Vannucci
17%
Giuliana Morrone
17%
Ivan Moré
17%
Juca Kfouri
17%
Leila Cordeiro
17%
Mylena Ciribelli
17%
Ney Gonçalves Dias
17%
Renata Alves
17%
Silvia Poppovic
17%
Alan Severiano
8%
Britto Júnior
8%
Caco Barcellos
8%
Celso Zucatelli
8%
Cris Dias
8%
Glenda Kozlowski
8%
Janine Borba
8%
Joelmir Betting
8%
José Roberto Burnier
8%
Leda Nagle
8%
Léo Batista
8%
Luis Ernesto Lacombe
8%
Marcos Hummel
8%
Marília Gabriela
8%
Michelle Barros
8%
Mônica Waldvogel
8%
Percival de Souza
8%
Roberto Marinho
8%
Sérgio Aguiar
8%
Wagner Montes
8%
Zeca Camargo
8%
Cristiana Lobo
0%
Fabíola Gadelha
0%
Goulart de Andrade
0%
Márcio Canuto
0%
Mauro Betting
0%
Regina Volpato
0%
Renato Lombardi
0%
Rosana Jatobá
0%
Nenhum quiz correspondente encontrado
Distribuição das Pontuações
Porcentagem de Pessoas com Cada Pontuação
Percentil de Números Respondidos
Sua Pontuação Histórica
Você não jogou esse quiz desde o último reset